In the Fog of the Seasons' End / (Record no. 32168)

000 -LEADER
fixed length control field 00403nam a22001337a 4500
008 - FIXED-LENGTH DATA ELEMENTS--GENERAL INFORMATION
fixed length control field 240814b |||||||| |||| 00| 0 eng d
050 ## - LIBRARY OF CONGRESS CALL NUMBER
Classification number PR 9369 .L315 1967
100 ## - MAIN ENTRY--PERSONAL NAME
Personal name Guma, Alex
245 ## - TITLE STATEMENT
Title In the Fog of the Seasons' End /
Statement of responsibility, etc. Alex, Guma
260 ## - PUBLICATION, DISTRIBUTION, ETC. (IMPRINT)
Place of publication, distribution, etc. Kenya:
Name of publisher, distributor, etc. Littlerock,
Date of publication, distribution, etc. 1967.
300 ## - PHYSICAL DESCRIPTION
Extent 181p.;
Dimensions 17cm
650 ## - SUBJECT ADDED ENTRY--TOPICAL TERM
Topical term or geographic name as entry element Short stories
942 ## - ADDED ENTRY ELEMENTS (KOHA)
Source of classification or shelving scheme
Classification part PR 9369 .L315 1967
Koha item type Africana (Books)
Holdings
Withdrawn status Lost status Source of classification or shelving scheme Damaged status Not for loan Home library Current library Shelving location Date acquired Source of acquisition Total Checkouts Full call number Barcode Date last seen Price effective from Koha item type Date last checked out
          MACHAKOS UNIVERSITY LIBRARY MACHAKOS UNIVERSITY LIBRARY Short Loan 14/08/2024 falcon   PR 9369 .L315 1967 40015 14/08/2024 14/08/2024 Africana (Books)  
          MACHAKOS UNIVERSITY LIBRARY MACHAKOS UNIVERSITY LIBRARY Africana 14/08/2024 falcon 1 PR 9369 .L315 1967 40016 14/04/2026 14/08/2024 Hard Covered Materials 14/04/2026
© Machakos University Library, Along The Highway, Machakos Wote Rd, Machakos, Kenya P.O. Box 136 - 90100 Machakos - Kenya

Tel: ( +254 ) 723 805829 OR Fax : 044-20353 OR Email: library@mksu.ac.ke